NPB 日本プロ野球 最多勝利受賞者 - Statistics

General Stats
  • This quiz has been taken 654 times
    222 since last reset
  • The average score is 48 of 132
Answer Stats
氏名 % Correct
2021, 2022, 2023 山本由伸
97%
2017, 2018, 2020, 2024 菅野智之
94%
2023, 2025 東克樹
93%
2024, 2025 伊藤大海
93%
1993, 1994, 1997 山本昌広
92%
2011, 2013 田中将大
89%
2019, 2024, 2025 有原航平
89%
2025 村上頌樹
89%
1954 田中文雄
83%
2018 大瀬良大地
81%
2010, 2015 前田健太
77%
2021, 2022 青柳晃洋
76%
2015 大谷翔平
73%
2007, 2009, 2015, 2020 涌井秀章
71%
2020 千賀滉大
67%
2020 石川柊太
67%
2010, 2016 和田毅
65%
2010, 2014 金子千尋
65%
2013 小川泰弘
65%
1967 小川健太郎
64%
2004, 2008 岩隈久志
64%
2003, 2006 斉藤和巳
62%
1989, 1990, 1992, 1995, 1996 斎藤雅樹
61%
2005 黒田博樹
61%
1999, 2000, 2001 松坂大輔
60%
2004, 2006 川上憲伸
60%
2014 ランディ・メッセンジャー
60%
1957, 1958, 1963 金田正一
59%
2005 杉内俊哉
59%
1936秋,1937春 澤村榮治
58%
2018 多和田真三郎
57%
2011, 2012 内海哲也
56%
1972, 1974 金田留広
55%
2003 井川慶
55%
2012 攝津正
55%
2017 東浜巨
55%
2017 菊池雄星
55%
2021 九里亜蓮
55%
2016 野村祐輔
53%
2019 山口俊
53%
2009, 2011 吉見一起
51%
1978 野村収
50%
1993 野村弘樹
50%
1999, 2002 上原浩治
50%
1937秋, 1938春, 1938秋, 1939, 1940, 1949 ヴィクトル・スタルヒン
46%
1957, 1958, 1961, 1963 稲尾和久
46%
1969 高橋一三
45%
1977 高橋里志
45%
1990, 1991, 1992, 1993 野茂英雄
45%
1982 工藤幹夫
43%
1969, 1977, 1978 鈴木啓示
41%
1982, 1986 北別府学
41%
1941 森弘太郎
40%
1972, 1976, 1979 山田久志
40%
2005 下柳剛
40%
1968, 1973 江夏豊
39%
2007, 2008 セス・グライシンガー
39%
2009 館山昌平
39%
1961, 1962 権藤博
38%
1980, 1981 江川卓
37%
1997, 1998 西口文也
37%
2014 山井大介
36%
1965, 1966 村山実
35%
1975 外木場義郎
34%
1975, 1983 東尾修
33%
1998 武田一浩
33%
1966 米田哲也
32%
1985 佐藤義則
31%
1986, 1988, 1990 渡辺久信
28%
1991 佐々岡真司
28%
1998 川崎憲次郎
28%
1972 堀内恒夫
27%
1993 今中慎二
27%
1998 黒木知宏
27%
1948, 1953 川崎徳次
26%
2011 デニス・ホールトン
26%
1956 三浦方義
25%
1979 小林繁
25%
1981 村田兆治
25%
1951, 1954 杉下茂
24%
1970, 1971 平松政次
24%
1937秋 野口明
23%
1942 野口二郎
23%
1952 野口正明
23%
1964 ジーン・バッキー
23%
1988 伊東昭光
23%
1964 小山正明
21%
1985, 1987 小松辰雄
21%
1988 西崎幸広
21%
1989 阿波野秀幸
21%
1980 木田勇
20%
1981, 1984 今井雄太郎
20%
1959 杉浦忠
18%
1983, 1984 遠藤一彦
18%
1989 西本聖
18%
1947, 1952, 1956 別所毅彦
17%
2001 藤井秀悟
17%
1943 藤本英雄
16%
1993 野田浩司
16%
1955 長谷川良平
15%
1996 バルビーノ・ガルベス
15%
1994 伊良部秀輝
13%
2000 メルビン・バンチ
13%
1944 若林忠志
12%
1965 尾崎行雄
12%
1968 皆川睦男
12%
2002 ケビン・ホッジス
12%
2002 ジェレミー・パウエル
12%
1959 藤田元司
11%
1974 松本幸行
11%
1976 池谷公二郎
11%
1971 木樽正明
10%
1995, 1996 キップ・グロス
10%
1983 山内和宏
9%
1988 小野和幸
8%
1937秋 西村幸生
7%
1948 中尾碩志
7%
1953, 1955 大友工
7%
1960 小野正一
7%
1967 池永正明
7%
1997 小池秀郎
7%
1950 真田重男
6%
1954, 1955 宅和本司
5%
1962 久保征弘
4%
1974 金城基泰
4%
1950 荒巻淳
3%
1960 堀本律雄
3%
1946 白木義一郎
2%
1951 江藤正
2%
1970, 1973 成田文男
2%
1987 山沖之彦
2%
1988 松浦宏明
2%
No matching quizzes found
Score Distribution
Percent of People with Each Score
Percentile by Number Answered
Your Score History
You have not taken this quiz since the last reset